Radiacionnostimullirovannyje processy v tviordych telach

Salvato in:
Dettagli Bibliografici
Natura: Libro
Lingua:russo
Pubblicazione: Taškent : FAN, 1969
Tags: Aggiungi Tag
Nessun Tag, puoi essere il primo ad aggiungerne!!

MARC

LEADER 00000nam a22000003a 4500
001 stu204627
005 20141123074856.6
008 100531s1969----xxr-----------------rus-d
040 |a STU  |b slo 
041 0 |a rus 
044 |a xxr 
080 |a 539.16.04 
245 |a Radiacionnostimullirovannyje processy v tviordych telach 
260 |a Taškent :  |b FAN,  |c 1969 
300 |a 162 s 
996 |b E24516  |c E*24516  |l EE11  |s P  |a 0  |w stu204627_0001